000
00329nam a2200133Ia 4500
008
240624s9999 xx 000 0 und d
041
_a
eng
082
_a
658.15 SHA
100
_a
SHAH PARESH P
245
_a
FINANCIAL MANAGEMENT
260
_c
2008
_a
New Delhi
_b
Wiley India
300
_a
491 : p. : cm. ; 26
365
_c
RS
_b
33.33
999
_c
11235
_d
11235